Giáo sư Tạ Quang Bửu con người và sự nghiệp /

Là một nhà khoa học giữ chức Thứ trưởng Bộ Quốc phòng với những đóng góp quan trọng vào việc phát triển công tác nghiên cứu khoa học và xây dựng đội ngũ cán bộ khoa học kỹ thuật của nhà nước ...

Αποθηκεύτηκε σε:
Λεπτομέρειες βιβλιογραφικής εγγραφής
Κύριος συγγραφέας: Nguyễn Văn Đạo, GS.
Μορφή: Βιβλίο
Γλώσσα:Vietnamese
Έκδοση: Hà Nội : Đại học Quốc gia Hà Nội, 2000.
Θέματα:
Ετικέτες: Προσθήκη ετικέτας
Δεν υπάρχουν, Καταχωρήστε ετικέτα πρώτοι!
Thư viện lưu trữ: Mạng thư viện Đại học Đà Nẵng
LEADER 01181cam a2200349 i 4500
001 000042631
003 505
005 20041027100644.0
008 010217b2000 vm 000 vie
020 |c 29000 
040 |a IRC  |c IRC  |d IRC 
041 0 |a vie 
082 1 4 |a 925  |b NG-Đ 
100 1 |a Nguyễn Văn Đạo,  |c GS. 
245 1 0 |a Giáo sư Tạ Quang Bửu con người và sự nghiệp /  |c Nguyễn Văn Đạo. 
260 |a Hà Nội :  |b Đại học Quốc gia Hà Nội,  |c 2000. 
300 |a 279 tr. ;  |c 20,5 cm. 
520 3 |a Là một nhà khoa học giữ chức Thứ trưởng Bộ Quốc phòng với những đóng góp quan trọng vào việc phát triển công tác nghiên cứu khoa học và xây dựng đội ngũ cán bộ khoa học kỹ thuật của nhà nước ... 
600 1 4 |a Tạ Quang Bửu. 
630 0 4 |a Tạ Quang Bửu. 
630 0 4 |a Khoa học kỹ thuật. 
650 0 4 |a Tạ Quang Bửu. 
OWN |a DUT 
999 |a From the UDN01 
TYP |a Monograph 
TYP |a Printed language 
980 |a Mạng thư viện Đại học Đà Nẵng